Acción educativa del gobierno federal : del 1o. de septiembre de 1954 al 31 de agosto de 1955.

Kaydedildi:
Detaylı Bibliyografya
Yazar: Ceniceros, José Ángel (autor)
Materyal Türü: Kitap
Dil:İspanyolca
Konular:
Etiketler: Etiketle
Etiket eklenmemiş, İlk siz ekleyin!

MARC

LEADER 00000cam^a2200000uu^4500
001 000490783
005 20250521000000.0
008 050901s1955^^^^^^^^^^^^rd^r^^000^0^spa^d
009 20260310125402.365
035 |a FCE 000033999 
035 |a FCE 002044 
037 |a Acervo ITESO - Biblioteca 
041 |a spa 
082 0 4 |a 379.96  |b M378a 1954-55 
100 |a Ceniceros, José Ángel  |e (autor) 
245 1 0 |a Acción educativa del gobierno federal :  |b del 1o. de septiembre de 1954 al 31 de agosto de 1955. 
264 |a México :  |b SEP,  |c 1955. 
300 |a 403 p. 
336 |a texto  |b txt  |2 rdacontenido 
337 |a sin mediación  |b n  |2 rdamedio 
338 |a volumen  |b nc  |2 rdasoporte 
649 |a XX 
650 |a Economía de la educación 
650 |a Sistema educativo 
650 |a Informe de gobierno 
650 |a Educación pública 
650 |a Memorias 
910 |a Fondo Centro de Estudios Educativos 
920 |a Impresos - Libros 
930 |a Fondos Especiales 
905 |a 133 
901 |a ALE002044  |b IT2  |c CEE  |u 20250521 
901 |a ALE068535  |b IT2  |c CEE  |u 20250521 
902 |a https://opac.biblio.iteso.mx/vufind/Record/000490783